| 000 | 02744cam a22003491i 4500 | ||
|---|---|---|---|
| 001 | 13650 | ||
| 003 | BD-JhCC | ||
| 005 | 20240313130417.0 | ||
| 008 | 170502s2017 mau 000 0 eng | ||
| 020 | _a9780544935273 (hardback) | ||
| 035 | _a(BD-JhCC)13650 | ||
| 040 |
_aDLC _erda _cDLC _dBD-JhCC |
||
| 041 | _aenglish | ||
| 050 | 0 | 0 |
_aJZ6385 _b.A45 2017 |
| 082 | 0 | 0 |
_a327.73051 _223 _bALL 2017 |
| 084 |
_aPOL010000 _aHIS027000 _aPOL011000 _aHIS008000 _2bisacsh |
||
| 100 | 1 | _aAllison, Graham T., | |
| 245 | 1 | 0 |
_aDestined for war : _bCan America and China escape Thucydides's trap? / _cGraham Allison. |
| 260 |
_aNew York: _bHoughton Mifflin Harcourt; _c2017. |
||
| 300 |
_a513 p. : _c24 cm. |
||
| 520 | _a"CHINA AND THE UNITED STATES ARE HEADING TOWARD A WAR NEITHER WANTS. The reason is Thucydides's Trap, a deadly pattern of structural stress that results when a rising power challenges a ruling one. This phenomenon is as old as history itself. About the Peloponnesian War that devastated ancient Greece, the historian Thucydides explained: "It was the rise of Athens and the fear that this instilled in Sparta that made war inevitable." Over the past 500 years, these conditions have occurred sixteen times. War broke out in twelve of them. Today, as an unstoppable China approaches an immovable America and both Xi Jinping and Donald Trump promise to make their countries "great again," the seventeenth case looks grim. Unless China is willing to scale back its ambitions or Washington can accept becoming number two in the Pacific, a trade conflict, cyberattack, or accident at sea could soon escalate into all-out war. In Destined for War, the eminent Harvard scholar Graham Allison explains why Thucydides's Trap is the best lens for understanding U.S.-China relations in the twenty-first century. Through uncanny historical parallels and war scenarios, he shows how close we are to the unthinkable. Yet, stressing that war is not inevitable, Allison also reveals how clashing powers have kept the peace in the past -- and what painful steps the United States and China must take to avoid disaster today"-- | ||
| 600 | 1 | 0 |
_aThucydides. _tHistory of the Peloponnesian War. |
| 650 | 0 |
_aWar _xCauses. |
|
| 650 | 7 | _aPOLITICAL SCIENCE / History & Theory. | |
| 650 | 7 | _aHISTORY / Military / General. | |
| 650 | 7 | _aPOLITICAL SCIENCE / International Relations / General. | |
| 650 | 7 | _aHISTORY / Asia / China. | |
| 651 | 0 |
_aUnited States _xForeign relations _zChina. |
|
| 651 | 0 |
_aChina _xForeign relations _zChina. |
|
| 776 | 0 | 8 |
_iOnline version: _aAllison, Graham T., author. _tDestined for war _dBoston : Houghton Mifflin Harcourt, 2017 _z9780544935334 _w(DLC) 2017022333 |
| 942 |
_2ddc _cBK |
||
| 999 |
_c13650 _d13650 |
||